Economía de los Recursos Humanos (Registro nro. 6091)

Detalles MARC
000 -LEADER
fixed length control field 01746 a2200193 4500
001 - CONTROL NUMBER
control field 57003
005 - DATE AND TIME OF LATEST TRANSACTION
control field 20260407155832.0
008 - FIXED-LENGTH DATA ELEMENTS--GENERAL INFORMATION
fixed length control field 260407a1970 arg spa d
003 - CONTROL NUMBER IDENTIFIER
control field AR-UNSa-BCEJYS
040 ## - CATALOGING SOURCE
Original cataloging agency AR-UNSa-BCEJYS
Language of cataloging spa
Transcribing agency AR-UNSa-BCEJYS
080 ## - UNIVERSAL DECIMAL CLASSIFICATION NUMBER
Universal Decimal Classification number 658.3
Common auxiliary subdivision Personal. Relaciones humanas en la empresa (Recursos Humanos)
100 1# - MAIN ENTRY--PERSONAL NAME
Personal name Correa, Héctor
245 10 - TITLE STATEMENT
Title Economía de los Recursos Humanos
264 #1 - PRODUCTION, PUBLICATION, DISTRIBUTION, MANUFACTURE, AND COPYRIGHT NOTICE
Place of production, publication, distribution, manufacture Buenos Aires :
Name of producer, publisher, distributor, manufacturer Fondo de Cultura Económica
Date of production, publication, distribution, manufacture, or copyright notice 1970
300 ## - PHYSICAL DESCRIPTION
Extent 278 p.
Dimensions 20 cm.
505 ## - FORMATTED CONTENTS NOTE
Formatted contents note Primera parte. La oferta de trabajo: 1. Introducción – 2. El tamaño de la población – 3. Las capacidades de la fuerza de trabajo – 4. Factores que influyen en las aptitudes de la fuerza de trabajo: El área psicomotriz – 5. Factores que influyen en las aptitudes de la fuerza de trabajo: el área intelectual – 6. Factores que influyen en las aptitudes de la fuerza de trabajo: la educación: observaciones generales – 7. Factores que influyen en las aptitudes de la fuerza de trabajo: la demanda de educación – 8. Factores que influyen en las aptitudes de la fuerza de trabajo: la oferta de educación – 9. Factores que influyen en las aptitudes de la fuerza de trabajo: el mercado de la educación – Segunda parte. La demanda de la fuerza de trabajo y el mercado de trabajo: 10. Introducción – 11. El tamaño y estructura de la fuerza de trabajo y la producción – 12. Las condiciones psicomotrices e intelectuales de la fuerza de trabajo y la producción – 13. La educación de la fuerza de trabajo y la producción – 14. La demanda de trabajo y el sistema educativo – 15. La distribución del ingreso y el crecimiento económico
590 ## - LOCAL NOTE (RLIN)
Local note niveau_biblio:m niveau_hierar:0
942 ## - ADDED ENTRY ELEMENTS (KOHA)
Koha item type
Existencias
Withdrawn status Lost status Damaged status Not for loan Home library Current library Shelving location Date acquired Total checkouts Full call number Barcode Date last seen Price effective from Koha item type
        Biblioteca Prof. Eusebio Cleto del Rey Biblioteca Prof. Eusebio Cleto del Rey   07/04/2026   658.3 C824 L128643 07/04/2026 07/04/2026 Libro
        Biblioteca Prof. Eusebio Cleto del Rey Biblioteca Prof. Eusebio Cleto del Rey   07/04/2026   658.3 C824 L24440 07/04/2026 07/04/2026 Libro
        Biblioteca Prof. Eusebio Cleto del Rey Biblioteca Prof. Eusebio Cleto del Rey   07/04/2026   658.3 C824 L24439 07/04/2026 07/04/2026 Libro